De A à Z - Les prénoms des Miss France - Statistiques

Statistiques générales
  • Ce quiz a été pris 889 fois
  • Le résultat moyen est 14 sur 18
Statistiques - réponses
Initiale
du prénom
Nom Prénom(s) % Correct
A Souret - Garrigues - Collot - Rosenfeld - Aylies - Petit - Angarni-Filopon Agnès| Annie | Arielle | Alexandra | Alicia | Amandine | Angélique
97%
C Sibelin - Lillio - Bouvier de Lamotte - Cassereau - Coman - Fabre - Mortaud - Cerf - Botino Christiane | Chantal | Claudinne | Corinne | Cindy | Chloé | Camille | Clémence
96%
D Wespiser - Leyre Delphine | Diane
95%
I Tunc - Krumacker - Bénard - Turpault - Mittenaere - Ampiot Irène | Isabelle | Iris | Indira
95%
M Dufresne - Mourgues - Delort - Negler - Chiron - Lemaire - Wargnier - Fabris - Boule - Boucher - Beaurain - Stocco - Uldaric - Robine - Georges - Vilbert - Galanter - Ménard - Lorphelin - Coucke Marguerite | Madeleine | Maryse | Monique | Michèle | Muguette | Michelle | Myriam | Martine | Mareva | Mélody | Malika | Marine | Maëva
93%
S Barillier - Carpentier - Numez - Angly - Périn - Paréra - Belleval - Iskandar - Bertin - Thalmann - Rolland - Tellier Simone | Sylviane | Sylvie-Rosine | Suzanne | Sophie | Sylvie | Sabrina | Sonia
92%
E Pitz - Tepava - Gossuin - Gilles Elisabeth | Edna | Elodie | Eve
91%
L Nahmias - De Souza - Lassalle - Auger - Hardy - Belleville - Bléger - Thilleman Lucienne | Lyne | Lucie | Linda | Laure | Laetitia | Laury
90%
V Zuber - Fagot - Pascale - De la Cruz - Claisse - Bègue - Chaves Véronique | Valérie | Vaimalama
87%
F Leroy - Coquerel Frédérique | Flora
84%
N Drouin - Marquay Nicole | Nathalie
75%
J Schaley - Julia - Bertin-Lequien - Janet - Ladwig - Donny - Figueras - Pouy - Gayraud - Beck Jacqueline | Jeanne | Joséphine | Juliette | Josiane
72%
R Cusey - Allain - Legrain-Trapani Roberte | Raymonde | Rachel
71%
P Pô - Taurus - Barzyk - Zlotkowski - Spehar Pauline | Pascale | Patricia | Peggy
70%
Y Labrousse - Viseux Yvette | Yvonne
56%
G Laborde - Préville - Catnens - Charbit - Voiry Germaine | Gisèle | Ginette | Gaëlle
46%
B Barazer de Lannurien - Konjovic Brigitte
36%
T Fuller Thilda
10%
Aucun quiz correspondant
Distribution des résultats
% des personnes avec chaque résultat
Percentile par nombre de réponses
Votre historique - résultats
Vous n’avez pas pris ce quiz